Vlastnosti a stabilita drte z vlašských orechov a orechového oleja
Uložené v:
| Hlavný autor: | |
|---|---|
| Médium: | Kniha |
| Jazyk: | Slovak |
| Vydavateľské údaje: |
Bratislava
STU FCHPT
2007
|
| On-line prístup: | View in OPAC |
| Tagy: |
Žiadne tagy, Buďte prvý, kto otaguje tento záznam!
|
MARC
| LEADER | 00000nam a2200000 a 4500 | ||
|---|---|---|---|
| 005 | 20260127134217.0 | ||
| 008 | 060607 2006 xo 000 0 slo d | ||
| 035 | |a vtls009007760 | ||
| 039 | 9 | |y 200707171121 |z mschk03 | |
| 040 | |a STUSCHK1 |b slo |c STUSCHK1 |e AACR2 | ||
| 100 | 1 | |a Toporková, Martina | |
| 245 | 1 | |a Vlastnosti a stabilita drte z vlašských orechov a orechového oleja |c Martina Toporková | |
| 260 | |a Bratislava |b STU FCHPT |c 2007 | ||
| 300 | |a 100 s. |b obr.,tab.,grafy, lit.+ príloha |c 29 cm | ||
| 500 | |a Obháj.: 7.6. 2007 | ||
| 500 | |a Špec.: Technológia mlieka, tukov a kozmetiky | ||
| 500 | |a Ústav biotechnológie a potravinárstva | ||
| 910 | |a SCHK95 | ||
| 999 | |c 6773 |d 6773 | ||